Romans. (Record no. 416)

000 -LEADER
fixed length control field 00574nam a2200193 a 4500
001 - CONTROL NUMBER
control field :::00013570$&:&@@
003 - CONTROL NUMBER IDENTIFIER
control field OkBaRHE
005 - DATE AND TIME OF LATEST TRANSACTION
control field 20100324120201.0
008 - FIXED-LENGTH DATA ELEMENTS--GENERAL INFORMATION
fixed length control field j 000 0 eng u
040 ## - CATALOGING SOURCE
Transcribing agency
100 1# - MAIN ENTRY--PERSONAL NAME
Personal name Exell, Joseph S.
245 10 - TITLE STATEMENT
Title Romans.
260 ## - PUBLICATION, DISTRIBUTION, ETC. (IMPRINT)
Place of publication, distribution, etc New York, NY., :
Name of publisher, distributor, etc Fleming H. Revell
300 ## - PHYSICAL DESCRIPTION
Extent 780 p. ;
Dimensions 23 cm.
490 0# - SERIES STATEMENT
Series statement The biblical illustrator.
650 ## - SUBJECT ADDED ENTRY--TOPICAL TERM
Topical term or geographic name as entry element Bible New Testament Romans
General subdivision Commentaries
942 ## - ADDED ENTRY ELEMENTS (KOHA)
Source of classification or shelving scheme
Koha item type Books
Copies
Shelving location Date acquired Copy number Full call number Koha item type Permanent Location Withdrawn status Not for loan Barcode Price effective from Lost status Damaged status Source of classification or shelving scheme Date last seen Collection code
General Stacks2010-04-141BS 2665 .E92BooksRHEMA Bible Training College  135702010-04-14   2018-03-28Reference